00298nam a2200121Ia 4500008004100000020001800041041000800059082002100067100001100088245002700099260004000126300001000166230411s9999 xx 000 0 und d a81-7739-118-6 aeng aA/612/JAI/B02536 aJain A aTextbook of Physiology bAvichal PublishingaNew Delhic2005 a1128p